000 00912cab a2200301 4500
001 WB2912-51
008 090401t1993 xxu||||| |||| 00| 0 eng d
035 _a(Sirsi) u19698
041 _aeng
245 _aCoal white paper
260 _c1993
300 _aLOAN
350 _a0
490 _aFinancial Times
_v26 March 1993, 1, 10&11(3)
520 _aA report summarising the main points of the Coal white paper on the future of the coal industry.Includes details of pits to be closed and sets out the intent to fully privatise British Coal.
650 _aBRITISH COAL
650 _aCLOSURE
650 _aCOAL INDUSTRY
650 _aCOAL MINES
650 _aCOAL MINING
650 _aENERGY POLICY
650 _aGOVERNMENT POLICY
650 _aPRIVATISATION
690 _aENVIRONMENTAL AND LAND CONSULTANCY-ENERGY
690 _aMINING AND MINERALS
942 _n0
948 _c04/03/1997
999 _c13177
_d13177